000 00669nam a2200217 4500
003 OSt
005 20240724014500.0
006 a
008 240724b |||||||| |||| 00| 0 eng d
020 _a9789810697471
040 _aDWCL-HMN lib.
_cOC
082 _2Second edition
_aCirc. 610.73071 D278t 2009
100 _aDeYoung, Sandra
245 _aTeaching strategies for nurse educators /
250 _aSecond edition
260 _aN.J. :
_bPrentice hall,
_cc2009.
300 _axiv,
_b300p : ill.;
_c21 cm.
504 _aIncludes bibliographical references & index.
650 _a1. Nursing - Study and teaching.
942 _2ddc
_n0
_cBK-CIRC
_eSecond edition
_kCirc.
999 _c2636
_d2636